[Event "St Petersburg Blockade op"]
[Site "St Petersburg"]
[Date "2012.01.09"]
[Round "7"]
[White "Palchun, Grigory"]
[Black "Krylov, Konstantin"]
[Result "1/2-1/2"]
[WhiteElo "2199"]
[BlackElo "2241"]
[PlyCount "63"]
[EventDate "2012.01.03"]
[EventType "swiss"]
[EventRounds "9"]
[EventCountry "RUS"]
[SourceTitle "EXT 2014"]
[Source "ChessBase"]
[SourceDate "2013.11.20"]
[SourceVersion "1"]
[SourceVersionDate "2013.11.20"]
[SourceQuality "1"]

1. e4 c5 2. Nc3 d6 3. g3 Nc6 4. Bg2 g6 5. d3 Bg7 6. f4 e6 7. Nf3 Nge7 8. 0-0 0-0 9. Be3 Nd4 10. e5 Nxf3+ 11. Qxf3 Nf5 12. Bf2 Nd4 13. Qd1 d5 14. Na4 b6 15. b4 Bd7 16. bxc5 Bxa4 17. Bxd4 Rc8 18. cxb6 Rxc2 19. Qb1 axb6 20. Bxb6 Qd7 21. Qb4 Rb8 22. Qd4 Qc6 23. Rfb1 Bf8 24. Kh1 Ba3 25. h4 h5 26. f5 gxf5 27. Qe3 f4 28. Qxf4 Rxb6 29. Qg5+ Kh7 30. Qxh5+ Kg7 31. Qg5+ Kh7 32. Qh5+ 1/2-1/2

[Event "St Petersburg Blockade op"]
[Site "St Petersburg"]
[Date "2012.01.08"]
[Round "6"]
[White "Krylov, Konstantin"]
[Black "Kitsis, Andrey"]
[Result "1-0"]
[WhiteElo "2241"]
[BlackElo "2195"]
[PlyCount "171"]
[EventDate "2012.01.03"]
[EventType "swiss"]
[EventRounds "9"]
[EventCountry "RUS"]
[SourceTitle "EXT 2014"]
[Source "ChessBase"]
[SourceDate "2013.11.20"]
[SourceVersion "1"]
[SourceVersionDate "2013.11.20"]
[SourceQuality "1"]

1. d4 Nf6 2. c4 g6 3. Nc3 d5 4. cxd5 Nxd5 5. Qb3 Nb6 6. Nf3 Bg7 7. Bf4 0-0 8. e3 c6 9. Be2 N8d7 10. 0-0 Nf6 11. Bg3 Be6 12. Qc2 Rc8 13. Rfd1 Nbd5 14. Na4 Bf5 15. Qb3 b5 16. Nc5 a5 17. a4 Nb4 18. Rac1 bxa4 19. Qxa4 Nd7 20. Nh4 Ra8 21. Nxf5 gxf5 22. Nxd7 Qxd7 23. Rc5 e6 24. Bf3 Rfc8 25. Ra1 Bf8 26. Rxa5 Rxa5 27. Qxa5 Qb7 28. Qa7 Qxa7 29. Rxa7 Nd5 30. Be5 f6 31. Bg3 f4 32. Bh4 fxe3 33. fxe3 Bh6 34. e4 Be3+ 35. Bf2 Bxf2+ 36. Kxf2 Nf4 37. Ke3 e5 38. g3 Ng6 39. d5 cxd5 40. exd5 f5 41. d6 e4 42. Be2 Rd8 43. Bc4+ Kf8 44. Rf7+ Ke8 45. Rf6 Rb8 46. b3 Kd7 47. Kd4 Kc6 48. h4 Rd8 49. Bd5+ Kd7 50. h5 Nf8 51. Bc4 Kc6 52. Rxf5 e3 53. Rf6 Nd7 54. Bd5+ Kb5 55. Rf5 Nb6 56. Kxe3 Rxd6 57. Bc4+ Kb4 58. Rb5+ Kc3 59. g4 h6 60. Kf4 Nd7 61. Rd5 Rf6+ 62. Kg3 Nb6 63. Rd3+ Kb4 64. Re3 Nxc4 65. bxc4 Kxc4 66. Re5 Kd4 67. Ra5 Ke4 68. g5 Rf3+ 69. Kg2 Rf8 70. g6 Kf4 71. Kh3 Rb8 72. Kh4 Rb1 73. Ra4+ Kf5 74. Ra5+ Kf4 75. Kh3 Rb3+ 76. Kg2 Rb7 77. Kf2 Rb2+ 78. Ke1 Rg2 79. Ra8 Ke3 80. Kf1 Rf2+ 81. Ke1 Rg2 82. Re8+ Kf3 83. Rh8 Ke3 84. Kf1 Rg5 85. Rxh6 Rf5+ 86. Kg2 1-0

[Event "St Petersburg Zak Memorial"]
[Site "St Petersburg"]
[Date "2007.03.28"]
[Round "5"]
[White "Krylov, Konstantin"]
[Black "Melnikov, Dmitry"]
[Result "0-1"]
[WhiteElo "2215"]
[BlackElo "2353"]
[PlyCount "96"]
[EventDate "2007.03.24"]
[EventType "team"]
[EventRounds "9"]
[EventCountry "RUS"]
[SourceTitle "CBM 117 Extra"]
[Source "ChessBase"]
[SourceDate "2007.05.09"]
[SourceVersion "1"]
[SourceVersionDate "2007.05.09"]
[SourceQuality "1"]

1. d4 f5 2. Nc3 d5 3. Bg5 g6 4. e3 Bg7 5. h4 h6 6. Bf4 c6 7. Nf3 Nd7 8. Bd3 Ngf6 9. Ne5 Nxe5 10. dxe5 Ng4 11. Qf3 Nxe5 12. Qg3 Qd6 13. 0-0 Qe6 14. Rab1 0-0 15. Rfd1 Nf7 16. f3 Qf6 17. e4 e5 18. Bd2 Be6 19. Na4 b6 20. Ba6 f4 21. Qf2 dxe4 22. fxe4 Bxa2 23. Ra1 Be6 24. Bc3 Rad8 25. b3 Rxd1+ 26. Rxd1 Rd8 27. Ra1 Nd6 28. Re1 Nb5 29. Bxb5 cxb5 30. Nb2 Qe7 31. b4 Rc8 32. Qd2 Qxh4 33. Rf1 Rd8 34. Qe2 a6 35. Ra1 Bg4 36. Qe1 Qxe1+ 37. Bxe1 Rd4 38. Nd3 Bc8 39. Nf2 Bb7 40. Kf1 g5 41. c3 Rd6 42. Rc1 h5 43. c4 bxc4 44. Rxc4 Rc6 45. Rxc6 Bxc6 46. Ke2 g4 47. Kd3 Bb5+ 48. Kc3 Bf1 0-1

[Event "St Petersburg Zak Memorial"]
[Site "St Petersburg"]
[Date "2007.03.25"]
[Round "2"]
[White "Eliseev, Alexey"]
[Black "Krylov, Konstantin"]
[Result "1-0"]
[WhiteElo "2424"]
[BlackElo "2215"]
[PlyCount "77"]
[EventDate "2007.03.24"]
[EventType "team"]
[EventRounds "9"]
[EventCountry "RUS"]
[SourceTitle "CBM 117 Extra"]
[Source "ChessBase"]
[SourceDate "2007.05.09"]
[SourceVersion "1"]
[SourceVersionDate "2007.05.09"]
[SourceQuality "1"]

1. e4 c5 2. Nf3 d6 3. c3 Nf6 4. Bc4 Nc6 5. Qe2 Bg4 6. h3 Bxf3 7. Qxf3 a6 8. Bb3 e6 9. 0-0 Be7 10. d3 0-0 11. Qg3 Nh5 12. Qf3 Nf6 13. Nd2 d5 14. exd5 Nxd5 15. Re1 Rc8 16. Ne4 Ne5 17. Qe2 Ng6 18. g3 Rc6 19. h4 h6 20. h5 Ne5 21. Nxc5 Rxc5 22. d4 Ra5 23. dxe5 Bg5 24. f4 Be7 25. Kh2 f6 26. exf6 Rxf6 27. Bd2 Rc5 28. c4 Nc7 29. Bc3 Rf8 30. Rad1 Qe8 31. Be5 Kh8 32. Bc2 Qc6 33. Be4 Qa4 34. b3 Qa5 35. Rd7 Rxe5 36. fxe5 Bb4 37. Rf1 Qxe5 38. Rxf8+ Bxf8 39. Qf3 1-0

[Event "St Petersburg Winter op"]
[Site "St Petersburg"]
[Date "2007.02.08"]
[Round "9"]
[White "Krylov, Konstantin"]
[Black "Bragina, Anastasia"]
[Result "1-0"]
[WhiteElo "2215"]
[BlackElo "2052"]
[PlyCount "127"]
[EventDate "2007.01.29"]
[EventType "swiss"]
[EventRounds "9"]
[EventCountry "RUS"]
[SourceTitle "EXT 2008"]
[Source "ChessBase"]
[SourceDate "2007.11.25"]
[SourceVersion "1"]
[SourceVersionDate "2007.11.25"]
[SourceQuality "1"]

1. d4 d5 2. c4 e6 3. Nf3 Nf6 4. Nc3 Nbd7 5. Bg5 c6 6. e3 Qa5 7. Nd2 Bb4 8. Qc2 e5 9. dxe5 Ne4 10. Ncxe4 dxe4 11. Rd1 Nxe5 12. Qxe4 0-0 13. a3 Bxd2+ 14. Rxd2 f6 15. Bh4 Be6 16. Be2 Rad8 17. Qc2 Kh8 18. Qc1 Nxc4 19. b4 Qxa3 20. Qxa3 Nxa3 21. Bg3 Nc4 22. Rc2 Ne5 23. 0-0 Rd7 24. b5 Rc8 25. Ra1 Bf5 26. Rc3 b6 27. Bxe5 fxe5 28. bxc6 Rdd8 29. Ba6 Rc7 30. f3 Rd6 31. Bb7 a5 32. e4 Bc8 33. Rb1 g6 34. Rxb6 Kg7 35. Rc5 Bxb7 36. Rxb7 Rxb7 37. cxb7 Rb6 38. Rxe5 Rxb7 39. Rxa5 h5 40. Kf2 Kf6 41. Kg3 Rb2 42. h4 Re2 43. Rg5 Re3 44. Kf4 Re2 45. g3 Re1 46. Ra5 Rb1 47. Ra6+ Kg7 48. Ra7+ Kf6 49. e5+ Ke6 50. Ra6+ Kf7 51. Rf6+ Kg7 52. Kg5 Rb5 53. f4 Rb3 54. Rxg6+ Kh7 55. Kxh5 Rb5 56. g4 Rb4 57. Ra6 Rxf4 58. Ra7+ Kg8 59. Kg5 Re4 60. Kf5 Re1 61. h5 Rh1 62. Kg6 Kf8 63. h6 Rh4 64. h7 1-0

[Event "St Petersburg Winter op"]
[Site "St Petersburg"]
[Date "2007.02.06"]
[Round "7"]
[White "Krylov, Konstantin"]
[Black "Gnidenko, Andrey"]
[Result "0-1"]
[WhiteElo "2215"]
[BlackElo "2103"]
[PlyCount "104"]
[EventDate "2007.01.29"]
[EventType "swiss"]
[EventRounds "9"]
[EventCountry "RUS"]
[SourceTitle "EXT 2008"]
[Source "ChessBase"]
[SourceDate "2007.11.25"]
[SourceVersion "1"]
[SourceVersionDate "2007.11.25"]
[SourceQuality "1"]

1. d4 Nf6 2. c4 g6 3. Nc3 d5 4. cxd5 Nxd5 5. Qb3 Nxc3 6. bxc3 Bg7 7. Ba3 0-0 8. Rd1 Nd7 9. Nf3 c5 10. e3 Qa5 11. Nd2 b5 12. Qb2 cxd4 13. cxd4 Re8 14. Be2 Rb8 15. Bb4 Qb6 16. Qa3 e5 17. d5 e4 18. 0-0 Bb7 19. Nb3 a6 20. d6 Rbc8 21. Ba5 Qa7 22. Bc7 Bf8 23. Qa5 Re5 24. Nd4 Rce8 25. Qc3 Rc5 26. Qb3 Bd5 27. Qb1 Qb7 28. a4 bxa4 29. Qxb7 Bxb7 30. Rc1 Ree5 31. Rb1 Bc8 32. Bg4 f5 33. Bd1 Rc4 34. Ra1 Nc5 35. Nc6 Rd5 36. Be2 Rc2 37. Nb4 Rdd2 38. Nxc2 Rxc2 39. Ra2 Rc3 40. Ba5 Be6 41. Rd2 Rb3 42. Rc1 Nd3 43. Bxd3 exd3 44. Bc7 a3 45. h4 Bg7 46. Ba5 Bb2 47. Rc7 a2 48. Rd1 Be5 49. Rcc1 Ra3 50. d7 Bxd7 51. Bc3 Rxc3 52. Ra1 Rc2 0-1

[Event "Chigorin Memorial-B 14th"]
[Site "St Petersburg"]
[Date "2006.10.25"]
[Round "3"]
[White "Bronnikova, Elizaveta"]
[Black "Krylov, Konstantin"]
[Result "0-1"]
[WhiteElo "2243"]
[BlackElo "2204"]
[PlyCount "68"]
[EventDate "2006.10.23"]
[EventType "swiss"]
[EventRounds "9"]
[EventCountry "RUS"]
[SourceTitle "EXT 2007"]
[Source "ChessBase"]
[SourceDate "2006.11.23"]
[SourceVersion "1"]
[SourceVersionDate "2006.11.23"]
[SourceQuality "1"]

1. e4 c5 2. Nf3 d6 3. d4 cxd4 4. Nxd4 Nf6 5. Nc3 g6 6. Be3 Bg7 7. f3 0-0 8. Qd2 Nc6 9. 0-0-0 d5 10. Qe1 e6 11. g4 Qe7 12. Bg5 Nxd4 13. Rxd4 Qc5 14. Rd1 d4 15. e5 Nd7 16. Ne4 Qxe5 17. f4 Qd5 18. c4 Qc6 19. f5 exf5 20. gxf5 Re8 21. Bg2 Qxc4+ 22. Kb1 gxf5 23. Qg3 Re6 24. Rc1 Qb4 25. Bd2 Qb5 26. Nd6 Qe2 27. Bd5 Nf8 28. Nxc8 Qxd2 29. Bxe6 d3 30. Rc3 Nxe6 31. Ne7+ Kh8 32. Rb3 Nc5 33. Nxf5 Qc2+ 34. Ka1 Nxb3+ 0-1

[Event "Chigorin Memorial-B 14th"]
[Site "St Petersburg"]
[Date "2006.10.25"]
[Round "4"]
[White "Krylov, Konstantin"]
[Black "Belousov, Danila"]
[Result "1/2-1/2"]
[WhiteElo "2204"]
[BlackElo "2268"]
[PlyCount "113"]
[EventDate "2006.10.23"]
[EventType "swiss"]
[EventRounds "9"]
[EventCountry "RUS"]
[SourceTitle "EXT 2007"]
[Source "ChessBase"]
[SourceDate "2006.11.23"]
[SourceVersion "1"]
[SourceVersionDate "2006.11.23"]
[SourceQuality "1"]

1. d4 Nf6 2. c4 e6 3. Nf3 b6 4. e3 Bb7 5. Bd3 Bb4+ 6. Bd2 a5 7. 0-0 0-0 8. a3 Bxd2 9. Qxd2 d6 10. Nc3 Nbd7 11. b4 Bxf3 12. gxf3 e5 13. Ne4 exd4 14. exd4 Re8 15. Ng3 Nf8 16. Kh1 axb4 17. axb4 Ng6 18. Rg1 c5 19. Bxg6 hxg6 20. dxc5 dxc5 21. Qxd8 Rexd8 22. Rxa8 Rxa8 23. bxc5 bxc5 24. Rc1 Ra3 25. Kg2 Nh5 26. Nxh5 gxh5 27. h4 Rd3 28. Re1 Rc3 29. Re4 g6 30. Kg3 f5 31. Re7 Rxc4 32. Rc7 f4+ 33. Kg2 Kf8 34. Kf1 Rc2 35. Ke1 c4 36. Kd1 Rc3 37. Ke2 Kg8 38. Ke1 Kf8 39. Ke2 Ke8 40. Rg7 Rc2+ 41. Ke1 c3 42. Rxg6 Kd7 43. Rf6 Ra2 44. Kd1 Rd2+ 45. Kc1 Rxf2 46. Rxf4 Ke6 47. Rc4 Rxf3 48. Kc2 Kf5 49. Rxc3 Rf2+ 50. Kd1 Kg4 51. Rc4+ Kg3 52. Ke1 Rh2 53. Ra4 Rh1+ 54. Ke2 Rxh4 55. Rxh4 Kxh4 56. Kf2 Kh3 57. Kg1 1/2-1/2

[Event "Chigorin Memorial-B 14th"]
[Site "St Petersburg"]
[Date "2006.10.24"]
[Round "2"]
[White "Krylov, Konstantin"]
[Black "Harshkou, Mikita"]
[Result "1-0"]
[WhiteElo "2204"]
[BlackElo "2034"]
[PlyCount "75"]
[EventDate "2006.10.23"]
[EventType "swiss"]
[EventRounds "9"]
[EventCountry "RUS"]
[SourceTitle "EXT 2007"]
[Source "ChessBase"]
[SourceDate "2006.11.23"]
[SourceVersion "1"]
[SourceVersionDate "2006.11.23"]
[SourceQuality "1"]

1. d4 e6 2. c4 f5 3. h3 Nf6 4. g4 fxg4 5. hxg4 Nxg4 6. e4 Nf6 7. e5 Ne4 8. Bd3 Bb4+ 9. Kf1 d5 10. exd6 Nxd6 11. a3 Ba5 12. Qh5+ Nf7 13. Qxa5 Qxd4 14. Qc3 Qxc3 15. Nxc3 Ne5 16. Rxh7 Rxh7 17. Bxh7 Nxc4 18. Nb5 Kd7 19. Bf4 Na6 20. Rc1 e5 21. Rxc4 exf4 22. Rxf4 Kc6 23. Nd4+ Kd5 24. Nge2 Bh3+ 25. Kg1 Re8 26. Bg6 Re7 27. Nc3+ Kc5 28. Nb3+ Kd6 29. Rd4+ Ke5 30. Re4+ Kd6 31. Nb5+ Kd7 32. Rd4+ Kc8 33. Nxa7+ Kb8 34. Nb5 Re5 35. Rd8+ Bc8 36. Bd3 Rg5+ 37. Kf1 Nc5 38. f4 1-0

[Event "St Petersburg Chigorin CC-ch"]
[Site "St Petersburg"]
[Date "2005.05.23"]
[Round "7"]
[White "Krylov, Konstantin"]
[Black "Goganov, Aleksey"]
[Result "1/2-1/2"]
[WhiteElo "2174"]
[BlackElo "2044"]
[PlyCount "59"]
[EventDate "2005.05.16"]
[EventType "swiss"]
[EventRounds "9"]
[EventCountry "RUS"]
[SourceTitle "EXT 2006"]
[Source "ChessBase"]
[SourceDate "2005.11.24"]
[SourceVersion "1"]
[SourceVersionDate "2005.11.24"]
[SourceQuality "1"]

1. d4 d5 2. c4 e6 3. Nc3 Be7 4. Nf3 Nf6 5. Bg5 0-0 6. e3 h6 7. Bh4 b6 8. cxd5 Nxd5 9. Bxe7 Qxe7 10. Nxd5 exd5 11. Be2 Be6 12. Qa4 c5 13. Qa3 Rc8 14. 0-0 Nc6 15. dxc5 bxc5 16. Rac1 Nb4 17. Qa5 c4 18. Nd4 Rab8 19. Rfd1 Rc5 20. Qa4 Qc7 21. Nxe6 fxe6 22. Bg4 Rc6 23. a3 Ra6 24. Bxe6+ Rxe6 25. axb4 Rd6 26. g3 Qb6 27. Rc2 d4 28. b5 dxe3 29. Qxc4+ Re6 30. Qc5 1/2-1/2

[Event "St Petersburg op"]
[Site "St Petersburg"]
[Date "2003.??.??"]
[Round "8"]
[White "Krylov, Konstantin"]
[Black "Botkin, Viktor"]
[Result "0-1"]
[WhiteElo "2156"]
[BlackElo "2185"]
[PlyCount "146"]
[EventDate "2003.??.??"]
[EventType "swiss"]
[EventRounds "9"]
[EventCountry "RUS"]
[SourceTitle "EXT 2005"]
[Source "ChessBase"]
[SourceDate "2004.11.15"]
[SourceVersion "1"]
[SourceVersionDate "2004.11.15"]
[SourceQuality "1"]

1. d4 d5 2. c4 dxc4 3. Nf3 Nf6 4. Nc3 a6 5. Bf4 Nd5 6. Bg3 Bf5 7. Nd2 b5 8. e4 Nxc3 9. bxc3 Bg6 10. f4 f5 11. Nf3 e6 12. Ne5 Bd6 13. Nxg6 hxg6 14. Be2 Nd7 15. Bf3 Rb8 16. Qe2 Kf7 17. Rd1 Nb6 18. 0-0 Qd7 19. Rfe1 Rhe8 20. h4 c6 21. Kf2 Qc7 22. Qe3 c5 23. Rh1 cxd4 24. cxd4 c3 25. h5 g5 26. e5 Bf8 27. fxg5 c2 28. Rc1 Rbc8 29. g6+ Kg8 30. h6 gxh6 31. Rxh6 Bxh6 32. Qxh6 Qg7 33. Qh5 Nd5 34. Bxd5 exd5 35. Bh4 Rc6 36. Bf6 Rxf6 37. exf6 Qxf6 38. Qh7+ Kf8 39. g7+ Qxg7 40. Qxf5+ Qf7 41. Qxf7+ Kxf7 42. Rxc2 Re4 43. Rc7+ Ke6 44. Rc6+ Kf5 45. Rxa6 Rxd4 46. Ra5 Rb4 47. Ke3 Ke5 48. Ra8 Re4+ 49. Kd3 Rg4 50. Re8+ Kd6 51. Rd8+ Kc5 52. Rc8+ Kb4 53. Rc2 Ka3 54. Rc5 b4 55. Ra5+ Kb2 56. Ke3 Rxg2 57. Kd4 Rg5 58. Kd3 Rg3+ 59. Kd4 Rg1 60. Rb5 Rg4+ 61. Kd3 Kxa2 62. Rxd5 b3 63. Ra5+ Kb2 64. Kd2 Rd4+ 65. Ke3 Rd7 66. Rb5 Kc2 67. Rc5+ Kb1 68. Rb5 b2 69. Ra5 Kc2 70. Rc5+ Kd1 71. Rb5 Rd2 72. Rb6 Kc1 73. Rb5 Rc2 0-1

[Event "St Petersburg op"]
[Site "St Petersburg"]
[Date "2003.??.??"]
[Round "2"]
[White "Krylov, Konstantin"]
[Black "Golovchenko, Gleb"]
[Result "0-1"]
[WhiteElo "2156"]
[BlackElo "2320"]
[PlyCount "108"]
[EventDate "2003.??.??"]
[EventType "swiss"]
[EventRounds "9"]
[EventCountry "RUS"]
[SourceTitle "EXT 2005"]
[Source "ChessBase"]
[SourceDate "2004.11.15"]
[SourceVersion "1"]
[SourceVersionDate "2004.11.15"]
[SourceQuality "1"]

1. d4 Nf6 2. c4 e6 3. Nf3 b6 4. e3 Bb7 5. Bd3 Be7 6. 0-0 0-0 7. Nc3 d5 8. b3 Nbd7 9. Bb2 Ne4 10. Qc2 f5 11. Ne5 Nxe5 12. dxe5 Nxc3 13. Bxc3 c5 14. Rad1 a6 15. cxd5 Qxd5 16. e4 Qc6 17. Rfe1 b5 18. Bb2 Rac8 19. Ba3 Rf7 20. f3 c4 21. Bxe7 Qb6+ 22. Qf2 Qxf2+ 23. Kxf2 cxd3 24. Bb4 fxe4 25. Rc1 Rxc1 26. Rxc1 exf3 27. g3 g5 28. Rc3 Be4 29. Rc8+ Kg7 30. Bd2 h6 31. Be3 Kg6 32. h3 Kf5 33. Rc5 Bd5 34. Rc3 Ke4 35. Bd2 Kd4 36. g4 Be4 37. Rc8 Kxe5 38. Bc3+ Kd6 39. Rd8+ Kc6 40. Rh8 Kd5 41. Rd8+ Kc6 42. Rd4 Bg6 43. Rd8 Kb7 44. Ba5 e5 45. Rd6 e4 46. Bd2 Rg7 47. Be3 h5 48. Bxg5 hxg4 49. hxg4 Be8 50. Rd5 Kc6 51. Re5 Rxg5 52. Rxe8 Rd5 53. Ke1 d2+ 54. Kd1 f2 0-1

[Event "St Petersburg op"]
[Site "St Petersburg"]
[Date "2003.??.??"]
[Round "6"]
[White "Krylov, Konstantin"]
[Black "Pankov, German"]
[Result "0-1"]
[WhiteElo "2156"]
[BlackElo "2245"]
[PlyCount "72"]
[EventDate "2003.??.??"]
[EventType "swiss"]
[EventRounds "9"]
[EventCountry "RUS"]
[SourceTitle "EXT 2005"]
[Source "ChessBase"]
[SourceDate "2004.11.15"]
[SourceVersion "1"]
[SourceVersionDate "2004.11.15"]
[SourceQuality "1"]

1. d4 Nf6 2. c4 e6 3. Nf3 b6 4. e3 Bb7 5. Bd3 Bb4+ 6. Nc3 0-0 7. 0-0 d5 8. Ne5 Nbd7 9. Qc2 c5 10. Ne2 cxd4 11. exd4 Bd6 12. Bf4 dxc4 13. Bxc4 Qc7 14. Bd3 Qxc2 15. Bxc2 Bb8 16. Rac1 Nxe5 17. Bxe5 Bxe5 18. dxe5 Ng4 19. f4 Ne3 20. Rf2 Rac8 21. Nc3 Rfd8 22. Re2 Nxg2 23. Rxg2 Bxg2 24. Kxg2 Rd2+ 25. Kf3 b5 26. Ke3 Rxh2 27. Ne2 Kf8 28. Kd3 Rh3+ 29. Ke4 Rc4+ 30. Nd4 f5+ 31. exf6 gxf6 32. Rd1 Ke7 33. f5 e5 34. Bb3 Rxd4+ 35. Rxd4 exd4 36. Kxd4 Kd6 0-1